Films dont le titre commence par un A (2) - Statistiques

Statistiques générales
  • Ce quiz a été pris 43 fois
  • Le résultat moyen est 6 sur 30
Statistiques - réponses
Année Réalisateur Genre
1 acteur ou
1 actrice
Titre % Correct
2009 J. Cameron Science-fiction Zoé Saldana Avatar
86%
1998 M. Bay Catastrophe Bruce Willis Armageddon
69%
2001 A. Chabat Comédie Gérard Depardieu Astérix et Obélix mission Cléopâtre
62%
2016 Ph. Lacheau Comédie Philippe Lacheau Alibi.com
52%
2015 C. Eastwood Biographie Bradley Cooper American Sniper
40%
1997 J. Roach Comédie Mike Myers Austin Powers
36%
2004 M. Scorsese Biographie Martin Scorsese Aviator
36%
1999 P. Weltz Comédie Jason Biggs American pie
24%
2004 J-P Salomé Aventures Romain Duris Arsène Lupin
21%
2008 E. Chatillez Comédie Valérie Lemercier Agathe Cléry
19%
2020 C. Vignal Comédie Laure Calamy Antoinette dans les Cévennes
17%
1997 W. Petersen Aventures Harrison Ford Air Force One
14%
2016 J. Bobin Fantastique Johnny Depp Alice de l'autre côté du miroir
14%
2008 Ed Harris Western Viggo Mortensen Appaloosa
14%
2013 Ph. Le Guay Comédie Fabrice Luchini Alceste à bicyclette
12%
2013 J-P Lilienfeld Thriller Sophie Marceau Arrêtez moi
7%
2002 D. Twohy Fantastique Chris Bridgeman Abîmes
5%
2015 F. Desagnat Comédie André Dussolier Adopte un veuf
5%
2022 E. Berger Guerre Daniel Brühl A l'ouest rien de nouveau
5%
2018 D. Auteuil Comédie dramatique Daniel Auteuil Amoureux de ma femme
5%
2007 F. Ozon Drame Tom Georgeson Angel
5%
2016 J. Kurzel Action Michael Fassbender Assassin's Creed
5%
2006 V. Bruni-Tedeschi Comédie dramatique Valeria Bruni Actrices
2%
2014 A. Resnais Comédie André Dussolier Aimer, boire et chanter
2%
2013 A. Zeitoun Drame Tomer Sisley Angélique
2%
2016 K. Mendonça Filho Drame Irandhir Santos Aquarius
2%
2012 P. Thomas Policier André Dussolier Associés contre le crime
2%
2012 J. Wright Drame Jude Law Anna Karenine
0%
2010 J. Malaterre Historique Helmi Dridi Ao le dernier néandertal
0%
2011 G. Lopez-Gallego Epouvante Kurt Max Runte Apollo 18
0%
Aucun quiz correspondant
Distribution des résultats
% des personnes avec chaque résultat
Percentile par nombre de réponses
Votre historique - résultats
Vous n’avez pas pris ce quiz